Представление документа в формате RUSMARC

ПолеНазваниеЗначение
  Тип записи a
  Библиографический уровень m
001 Контрольный номер 3094fb6fcdcb4dbd8ec05ee445553355
005 Дата корректировки 20140604113643.7
010 Индекс ISBN __
a ISBN 978-5-8018-0466-8
101 Язык документа 0_
a Язык текста rus
102 Страна публикации __
a Страна публикации RU
200 Заглавие и сведения об ответственности 1_
a Заглавие Обособленные подразделения. Организация, учет и отчетность
f Первые сведения об ответственности В. А. Кузнецова
210 Выходные данные 1_
c Издательство ДИС
a Место издания М.
d Дата издания 2009
215 Физическое описание __
a Объем 200, [6] с.
225 Серия 2_
a Серия Б-ка журн. "Консультант бухгалтера"
v Обозначение тома вып. 5
610 Ключевые слова 0_
a Ключевые слова бухгалтерский учет
610 Ключевые слова 0_
a Ключевые слова обособленное подразделение
610 Ключевые слова 0_
a Ключевые слова учетная политика
686 Индексы других классификаций __
a Классификационный индекс 65.052.9(2)229
2 Код системы rubbk
700 Автор _1
a Фамилия Кузнецова
b Имя В. А.
801 Источник записи _0
a Страна RU
b Организация РУК
c Дата составления 20100407
g Правила каталогизации PSBO
801 Источник записи _1
a Страна RU
b Организация РУК
c Дата составления 20100407
g Правила каталогизации PSBO
852 Данные о местонахождении __
i Авторский знак К 89
j Шифр хранения ББК 65.052
901 Тип документа __
t Тип документа m
938 Служебная информация __
a Название организации Головной вуз
b Имя БД BOOK
c Название АИБС АИБС ИРБИС